Construction estimates : (Record no. 342324)
[ view plain ]
| 000 -LEADER | |
|---|---|
| fixed length control field | 01300cam a2200313 a 4500 |
| 001 - CONTROL NUMBER | |
| control field | 652882 |
| 003 - CONTROL NUMBER IDENTIFIER | |
| control field | NUST |
| 005 - DATE AND TIME OF LATEST TRANSACTION | |
| control field | 20171218121720.0 |
| 008 - FIXED-LENGTH DATA ELEMENTS--GENERAL INFORMATION | |
| fixed length control field | 940617s1995 nyua 001 0 eng |
| 010 ## - LIBRARY OF CONGRESS CONTROL NUMBER | |
| LC control number | 94022328 |
| 020 ## - INTERNATIONAL STANDARD BOOK NUMBER | |
| International Standard Book Number | 0070216517 |
| 040 ## - CATALOGING SOURCE | |
| Original cataloging agency | DLC |
| Transcribing agency | DLC |
| Modifying agency | DLC |
| 050 00 - LIBRARY OF CONGRESS CALL NUMBER | |
| Classification number | TH435 |
| Item number | .F72 1995 |
| 082 00 - DEWEY DECIMAL CLASSIFICATION NUMBER | |
| Classification number | 692.5 FOS |
| Edition number | 20 |
| 245 00 - TITLE STATEMENT | |
| Title | Construction estimates : |
| Remainder of title | from take-off to bid / |
| Statement of responsibility, etc. | Norman Foster ... [et al.]. |
| 250 ## - EDITION STATEMENT | |
| Edition statement | 3rd ed. |
| 260 ## - PUBLICATION, DISTRIBUTION, ETC. | |
| Place of publication, distribution, etc. | New York : |
| Name of publisher, distributor, etc. | McGraw-Hill, |
| Date of publication, distribution, etc. | c1995. |
| 300 ## - PHYSICAL DESCRIPTION | |
| Extent | xiv, 240 p. : |
| Other physical details | ill. ; |
| Dimensions | 25 cm. |
| 500 ## - GENERAL NOTE | |
| General note | Previous ed. cataloged under: Foster, Norman. G. |
| 500 ## - GENERAL NOTE | |
| General note | Accompanied by: Working drawings for construction estimates from take-off to bid / by Norman Foster inserted in pocket. |
| 500 ## - GENERAL NOTE | |
| General note | Includes index. |
| 501 ## - WITH NOTE | |
| With note | H.B |
| 650 #0 - SUBJECT ADDED ENTRY--TOPICAL TERM | |
| Topical term or geographic name entry element | Building |
| General subdivision | Estimates. |
| 9 (RLIN) | 7436 |
| 700 1# - ADDED ENTRY--PERSONAL NAME | |
| Personal name | Foster, Norman G., |
| Dates associated with a name | 1916- |
| 9 (RLIN) | 7437 |
| 700 1# - ADDED ENTRY--PERSONAL NAME | |
| Personal name | Foster, Norman G., |
| Dates associated with a name | 1916- |
| Title of a work | Working drawings for construction estimates from take-off to bid. |
| 9 (RLIN) | 7438 |
| 740 0# - ADDED ENTRY--UNCONTROLLED RELATED/ANALYTICAL TITLE | |
| Uncontrolled related/analytical title | Construction estimates from take-off to bid. |
| 906 ## - LOCAL DATA ELEMENT F, LDF (RLIN) | |
| a | 7 |
| b | cbc |
| c | orignew |
| d | 1 |
| e | ocip |
| f | 19 |
| g | y-gencatlg |
| 942 ## - ADDED ENTRY ELEMENTS (KOHA) | |
| Source of classification or shelving scheme | |
| Koha item type | Book |
| Call number prefix | IESE |
| Withdrawn status | Lost status | Source of classification or shelving scheme | Damaged status | Not for loan | Collection code | Permanent Location | Current Location | Shelving location | Date acquired | Total Checkouts | Full call number | Barcode | Date last seen | Price effective from | Koha item type |
|---|---|---|---|---|---|---|---|---|---|---|---|---|---|---|---|
| Institute of Environmental Science and Engineering (IESE) | Institute of Environmental Science and Engineering (IESE) | General Stacks | 12/18/2017 | 692.5 FOS | IESE-505 | 12/18/2017 | 12/18/2017 | Book |
